000
00332 a2200169 4500
001
183190
020
_a
040
_c
Magnum
100
_a
Coutinho, Monica Dirce de
240
1
0
_a
Momentos
_l
por
245
1
0
_a
Momentos
300
_a
80
362
0
_a
1988
440
1
_a
O Lutador
697
_a
LITERATURA GERAL
942
_c
BK
999
_c
183190
_d
183190